Jugendbuch: die wilden Kerle (Charaktere) - Statistiken

Allgemein
  • Dieses Quiz wurde 426 mal gespielt
  • Das Durchschnittsergebnis liegt bei 9 aus 13
Antwortstatistiken
Band Spitzname Antwort % Korrekt
1 „der Slalomdribbler“ Leon
98%
3 „die Unerschrockene“ Vanessa
94%
10 „die Nummer 10“ Marlon
91%
7 „Tippkick“ Maxi
86%
6 „der Held“ Raban
82%
9 „die siebte Kavallerie“ Joschka
78%
13 „der Unbezwingbare“ Markus
76%
4 „die Viererkette“ Juli
71%
8 „der schnellste Rechtsaußen der Welt“ Fabi
70%
5 „die Lokomotive“ Deniz
60%
11 „der mit der Sonne tanzt“ Jojo
53%
2 „der Wirbelwind“ Felix
20%
12 „der Zauberer“ Rocce
17%
Keine übereinstimmenden Quizze gefunden
Verteilung der Resultate
Anzahl Personen mit jedem Resultat
Perzentil nach korrekt beantworteten Fragen
Ihre Resultats-Entwicklung
Sie haben dieses Quiz noch nicht gespielt